| 000 | 00894nam a22003017a 4500 | ||
|---|---|---|---|
| 001 | 5019 | ||
| 003 | FISKH | ||
| 005 | 20250827093913.0 | ||
| 008 | 241031b cb ||||| |||| 00| 0 eng d | ||
| 020 | _a9780590461030 | ||
| 040 |
_aFISKH _beng _cFISKH _dFISKH |
||
| 050 | _aQC73.B47 | ||
| 082 | _2530 | ||
| 100 |
_aBerger, Melvin _d(1927-) |
||
| 245 |
_aSound, heat & light: energy at work / _cby Melvin Berger illustrated by Anna Divito |
||
| 250 | _a1992 | ||
| 260 |
_aNew York : _bScholastic, _c1992. |
||
| 300 |
_a40 pages : _bcolor illustrations ; _c22 cm |
||
| 505 | _aJ | ||
| 520 | _aEasy-to-grasp explanation of three forms of energy: sound, heat, and light. | ||
| 521 | 8 |
_a490
_bLexile |
|
| 521 | 8 |
_aJ
_bRaz-Plus |
|
| 650 |
_2Non-fiction _aSound |
||
| 650 |
_2Heat _aInformational |
||
| 700 |
_aDivito, Anna _dIllustrator |
||
| 942 |
_2ddc _cBK _n0 |
||
| 999 |
_c5019 _d5019 |
||